Els Deu Mil : (Record no. 248919)
[ view plain ]
| 000 -LEADER | |
|---|---|
| fixed length control field | 00899cam a22002893a 4500 |
| 001 - CONTROL NUMBER | |
| control field | 19664 |
| 003 - CONTROL NUMBER IDENTIFIER | |
| control field | PGUSA |
| 005 - DATE AND TIME OF LATEST TRANSACTION | |
| control field | 20140828083421.0 |
| 008 - FIXED-LENGTH DATA ELEMENTS--GENERAL INFORMATION | |
| fixed length control field | 061030s2006||||xxu|||||s|||||000 | eng d |
| 040 ## - CATALOGING SOURCE | |
| Original cataloging agency | PGUSA |
| Language of cataloging | eng |
| 042 ## - AUTHENTICATION CODE | |
| Authentication code | dc |
| 050 #4 - LIBRARY OF CONGRESS CALL NUMBER | |
| Classification number | PA |
| 100 1# - MAIN ENTRY--PERSONAL NAME | |
| Personal name | Plutarch, |
| Dates associated with a name | 46-119 |
| 245 10 - TITLE STATEMENT | |
| Title | Els Deu Mil : |
| Remainder of title | And Vida D'artaxerxes, Per Plutarc |
| Medium | [electronic resource] / |
| Statement of responsibility, etc | Plutarch |
| 260 ## - PUBLICATION, DISTRIBUTION, ETC. (IMPRINT) | |
| Name of publisher, distributor, etc | Project Gutenberg, |
| Date of publication, distribution, etc | 2006 |
| 506 ## - RESTRICTIONS ON ACCESS NOTE | |
| Terms governing access | Public domain in the USA. |
| 516 ## - TYPE OF COMPUTER FILE OR DATA NOTE | |
| Type of computer file or data note | Electronic text |
| 653 ## - INDEX TERM--UNCONTROLLED | |
| Uncontrolled term | Artaxerxes I, King of Persia, d. 425 or 4 B.C. |
| 653 ## - INDEX TERM--UNCONTROLLED | |
| Uncontrolled term | Greece -- History -- Expedition of Cyrus, 401 B.C. |
| 653 ## - INDEX TERM--UNCONTROLLED | |
| Uncontrolled term | Cyrus, the Younger, d. 401 B.C. |
| 653 ## - INDEX TERM--UNCONTROLLED | |
| Uncontrolled term | Iran -- History -- To 640 |
| 700 1# - ADDED ENTRY--PERSONAL NAME | |
| Personal name | Riba, Carles, |
| Dates associated with a name | 1893-1959 |
| 740 0# - ADDED ENTRY--UNCONTROLLED RELATED/ANALYTICAL TITLE | |
| Uncontrolled related/analytical title | Anabasis. Catalan |
| 830 #0 - SERIES ADDED ENTRY--UNIFORM TITLE | |
| Uniform title | Project Gutenberg |
| Volume number/sequential designation | 19664 |
| 856 40 - ELECTRONIC LOCATION AND ACCESS | |
| Uniform Resource Identifier | <a href="http://www.gutenberg.org/ebooks/19664">http://www.gutenberg.org/ebooks/19664</a> |
| 942 ## - ADDED ENTRY ELEMENTS (KOHA) | |
| Koha item type | eBooks |
| Withdrawn status | Lost status | Damaged status | Home library | Current library | Date acquired | Total Checkouts | Date last seen | Price effective from | Koha item type |
|---|---|---|---|---|---|---|---|---|---|
| Project Gutenberg | Project Gutenberg | 08/28/2014 | 08/28/2014 | 08/28/2014 | eBooks |